Los comentarios reales de los Incas / (Registro nro. 8268)

Detalles MARC
000 -LIDER
fixed length control field 00893nam a2200277 a 4500
001 - NÚMERO DE CONTROL
Identificador de número de control 000037633
003 - IDENTIFICACDOR DE NÚMERO DE CONTROL
control field DO-SdBNP
005 - DATE AND TIME OF LATEST TRANSACTION
control field 20180119125238.0
007 - CAMPOS FIJOS DE DESCRIPCIÓN FÍSICA
fixed length control field 000037633
008 - ELEMENTOS DE LONGITUD FIJA
fixed length control field 121010s2011 pe 000 0 spa d
020 ## - ISBN
International Standard Book Number 9786124103087
040 ## - FUENTE DE CATALOGACIÓN
Agencia que crea de manera original el registro BPMSU
Agencia que realiza la modificación spa
Agencia que realiza la transcripción BPMSU
100 1# - ASIENTO PRINCIPAL -- NOMBRE PERSONAL
Nombre personal Vega, Inca Garcilaso de la
Fechas asociadas con el nombre 1539-1616
245 10 - MENCIÓN DE TITULO
Título Los comentarios reales de los Incas /
Mención de responsabilidad Inca Garcilaso de la Vega; ilustración Gerson Jara Morales
260 ## - PUBLICACIÓN, DISTRIBUCIÓN, ETC. (PIE DE IMPRENTA)
Lugar de publicación, distribución, etc Lima, Perú :
Nombre del editor, distribuidor, etc. Editorial Educativa,
Fecha de publicación, distribución, etc 2011
300 ## - DESCRIPCIÓN FÍSICA
Extensión 101 p. ;
Otros detalles físicos il. :
Dimensiones 27 cm.
490 ## - MENCIÓN DE SERIES
Mención de serie Plan lector
700 ## - ASIENTO SECUNDARIO -- NOMBRE PERSONAL
Término de relación Morales, Gerson Jara
830 ## - ASIENTO SECUNDARIO DE SERIE--TÍTULO UNIFORME
Nombre de la parte o sección de una obra Plan lector
930 #1 - EQUIVALENCE OR CROSS-REFERENCE-UNIFORM TITLE HEADING [LOCAL, CANADA]
Language of a work BND01
Medium of performance for music LF1
Field link and sequence number 20121010
Date of a work 01
Name of part/section of a work HD
Miscellaneous information 34763
942 ## - ADDED ENTRY ELEMENTS (KOHA)
Source of classification or shelving scheme Dewey Decimal Classification
Koha item type Libros
945 ## - INFORMACIÓN DE PROCESAMIENTO LOCAL
Información de procesamiento local Inventariado, 2018/MFF
956 ## - LOCAL ELECTRONIC LOCATION AND ACCESS (OCLC)
Nombre de host GREYES
Número de acceso 10
Información de compresión 20121010
Inicio de sesión BND01
Procesador de solicitud 1237
956 ## - LOCAL ELECTRONIC LOCATION AND ACCESS (OCLC)
Nombre de host VMATEO
Número de acceso 10
Información de compresión 20130301
Inicio de sesión BND01
Procesador de solicitud 1449
956 ## - LOCAL ELECTRONIC LOCATION AND ACCESS (OCLC)
Nombre de host VMATEO
Número de acceso 10
Información de compresión 20150918
Inicio de sesión BPMSU
Procesador de solicitud 00151
Existencias
Withdrawn status Lost status Source of classification or shelving scheme Damaged status Not for loan Collection code Home library Current library Date acquired Source of acquisition Total Checkouts Barcode Date last seen Price effective from Koha item type Copy number
    Dewey Decimal Classification     Colección General Biblioteca Pública Metropolitana Salomé Ureña Biblioteca Pública Metropolitana Salomé Ureña 09/18/2015 Compra   BPMSU15090116 09/18/2015 09/18/2015 Libros  
    Dewey Decimal Classification     Colección General Biblioteca Pública Metropolitana Salomé Ureña Biblioteca Pública Metropolitana Salomé Ureña 09/18/2015 Compra   BPMSU15090117 09/18/2015 09/18/2015 Libros e. 2
    Dewey Decimal Classification     Colección General Biblioteca Pública Metropolitana Salomé Ureña Biblioteca Pública Metropolitana Salomé Ureña 09/18/2015 Compra   BPMSU15090118 09/18/2015 09/18/2015 Libros e. 3